|
|
|
|
| LEADER |
00000nam0a2200000 4500 |
| 001 |
145041 |
| 005 |
20231031143917.0 |
| 010 |
|
|
|a 564800690X
|
| 035 |
|
|
|a (RuTPU)RU\TPU\book\157196
|
| 090 |
|
|
|a 145041
|
| 100 |
|
|
|a 20081011d1991 km y0rusy50 ca
|
| 101 |
0 |
|
|a rus
|
| 102 |
|
|
|a UZ
|
| 105 |
|
|
|a a z 001zy
|
| 200 |
1 |
|
|a Водно-солевой режим зоны аэрации и грунтовых вод орошаемых массивов
|f Н. М. Умаров, Я. У. Исамухамедов
|
| 210 |
|
|
|a Ташкент
|c Фан
|d 1991
|
| 215 |
|
|
|a 128 с.
|c ил.
|
| 320 |
|
|
|a Библиогр.: с.121-127.
|
| 610 |
1 |
|
|a орошаемые земли
|
| 610 |
1 |
|
|a солевой режим
|
| 610 |
1 |
|
|a водный режим
|
| 610 |
1 |
|
|a поля
|
| 610 |
1 |
|
|a орошение
|
| 610 |
1 |
|
|a Узбекская ССР
|
| 610 |
1 |
|
|a грунтовые воды
|
| 675 |
|
|
|a 626.8
|v 3
|
| 700 |
|
1 |
|a Умаров
|b Н. М.
|g Нариман Маджитович
|
| 701 |
|
1 |
|a Исамухамедов
|b Я. У.
|g Яркун Учкунович
|
| 801 |
|
1 |
|a RU
|b 63413507
|c 20081011
|g PSBO
|
| 801 |
|
2 |
|a RU
|b 63413507
|c 20140527
|g PSBO
|
| 942 |
|
|
|c BK
|